| 000 | 01051nam a22003138i 4500 | ||
|---|---|---|---|
| 999 |
_c29096 _d29067 |
||
| 001 | 019244667 | ||
| 003 | EG-ScBUE | ||
| 005 | 20210420095706.0 | ||
| 008 | 190104s2011 enka f bd 001 0 eng d | ||
| 020 | _a9781789940084 (pbk.) | ||
| 040 |
_aStDuBDS _beng _erda _cStDuBDS _dEG-ScBUE |
||
| 082 | 0 | 4 |
_a760 _bRIL _222 |
| 100 | 1 |
_aRiley, Sarah A., _eauthor. |
|
| 245 | 1 | 0 |
_aPractical mixed-media printmaking / _cSarah A. Riley. |
| 264 | 1 |
_aLondon, UK : _bHerbert Press : _bBloomsbury Publishing Plc, _c2011. |
|
| 300 |
_a144 pages : _bcolor illustrations ; _c28 cm |
||
| 336 |
_atext _2rdacontent _btxt |
||
| 336 |
_astill image _2rdacontent _btxt |
||
| 337 |
_aunmediated _2rdamedia _bn |
||
| 338 |
_avolume _2rdacarrier _bnc |
||
| 500 | _aOriginally published: London: A. & C. Black, 2011. | ||
| 500 | _aIncludes glossary. | ||
| 504 | _aIncludes bibliographical references and index. | ||
| 650 | 7 |
_aPrints _xTechnique. _2BUEsh |
|
| 650 | 7 |
_aMixed media (Art) _2BUEsh |
|
| 653 |
_bGGEN _cApril2021 |
||
| 655 |
_vReading book _934232 |
||
| 942 |
_2ddc _cBB |
||